[Event "World Amateur-ch U1700"]
[Site "Chalkidiki"]
[Date "2016.04.20"]
[Round "2"]
[White "Atmatzidis Hatziris, Konstantinos"]
[Black "Hosseinali, Mehdi"]
[Result "0-1"]
[WhiteElo "1552"]
[BlackElo "1666"]
[PlyCount "102"]
[EventDate "2016.04.19"]
[EventType "swiss"]
[EventRounds "9"]
[EventCountry "GRE"]
[SourceTitle "CBM 172 Extra"]
[Source "ChessBase"]
[SourceDate "2016.06.21"]
[SourceVersion "1"]
[SourceVersionDate "2016.06.21"]
[SourceQuality "1"]

1. d4 Nf6 2. Bg5 d6 3. Nf3 g6 4. g3 Bg7 5. Bg2 h6 6. Bc1 Nbd7 7. Nc3 c6 8. e4 Qc7 9. 0-0 0-0 10. Re1 e5 11. Be3 Ng4 12. Bc1 exd4 13. Nxd4 Nb6 14. h3 Nf6 15. b3 Re8 16. f4 a6 17. Kh2 Bd7 18. Qd3 Rad8 19. Nf3 Nh7 20. Ng1 f5 21. Bb2 Nf6 22. exf5 Bxf5 23. Qd2 d5 24. Na4 Nxa4 25. bxa4 Ne4 26. Qc1 g5 27. Bxg7 gxf4 28. Qxf4 Qxf4 29. gxf4 Kxg7 30. Nf3 Nc5 31. Nd4 Be4 32. Bxe4 Rxe4 33. Rxe4 dxe4 34. Nf5+ Kg6 35. Ne3 Rd2+ 36. Kg3 Nxa4 37. Rd1 Rxd1 38. Nxd1 b5 39. Ne3 Nc3 40. f5+ Kf6 41. Kg4 Nxa2 42. Kf4 Nc3 43. Ng4+ Kg7 44. Ke5 a5 45. Ke6 Nd5 46. Ne5 e3 47. Kd6 e2 48. Nd3 a4 49. Kxc6 Nc3 50. Kd6 a3 51. Ke6 Ne4 0-1